แสดงรายละเอียดบรรณานุกรม
  กลับหน้าหลัก

Brief Record : Get Marc (ISO 2709) : E-mail record : QR code ปิดหน้าต่าง
E-books : เกี่ยวกับ Collections
LEADER 00000nam 2200000uu 4500
001    211761
003     ULIBM
008    020711s2557 th a 000 0 tha d
041    ^atha
060  4 WC503 ร451 2557
245    รายงานวิจัยนำร่อง การพัฒนาเครื่องมือและวิธีการเพื่อสำรวจการตีตราและการเลือกปฏิบัติประเด็นเกี่ยวเนื่องกับเอชไอวี/เอดส์ในสถานบริการสุขภาพของประเทศไทย/^cสำนักงานพัฒนานโยบายสุขภาพระหว่างประเทศ (IHPP) กระทรวงสาธารณสุข
246 30 ^aการสำรวจการตีตราและการเลือกปฏิบัติประเด็นที่เกี่ยวเนื่องกับเอชไอวี/เอดส์ในสถานบริการสุขภาพของประเทศไทย
260    นนทบุรี :^bสำนักงานพัฒนานโยบายสุขภาพระหว่างประเทศ (IHPP) กระทรวงสาธารณสุข,^c2557
300    x,165 หน้า :^bภาพประกอบ ;^c29 ซม.
650  4 โรคเอดส์^zไทย^xการป้องกันและควบคุม
650  4 ^aโรคเอดส์^zไทย^xสถานบริการสุขภาพ
650  4 ^aวิจัย
710 2  ^aกระทรวงสาธารณสุข. สำนักงานพัฒนานโยบายสุขภาพระหว่างประเทศ (IHPP)
710 2  ^aมหาวิทยาลัยเชียงใหม่. คณะแพทยศาสตร์. สถาบันวิจัยวิทยาศาสตร์สุขภาพ (RIHES)
710 2  ^aสำนักงานสาธารณสุขจังหวัดเชียงใหม่. กลุ่มงานควบคุมโรคเอดส์และโรคติดต่อทางเพศสัมพันธ์
710 2  ^aสำนักอนามัย. วัณโรคและโรคติดต่อทางเพศสัมพันธ์. กองควบคุมโรคเอดส์
999    ^aใช้งานได้ทุกระบบ
รายการนี้ยังไม่มีแท็ก
คุณยังไม่ได้ล็อกอิน คุณสามารถมีกิจกรรมร่วมกับเว็บไซต์ได้ แต่ต้องล็อกอินก่อน ::
  ล็อกอิน
ลำดับที่ ประเภท เลขเรียก สถานที่ สถานะ
1. หนังสือทั่วไป
หนังสือทั่วไป
WC503 ร451 2557  
  
วิทยาศาสตร์สุขภาพ On Shelf
  ขอยืม
2. หนังสือทั่วไป
หนังสือทั่วไป
WC503 ร451 2557 ฉ.2 
  
วิทยาศาสตร์สุขภาพ On Shelf
  ขอยืม
   [แสดง 2/2 รายการ]

รายการใกล้เคียง
    หัวเรื่อง [วิจัย]

BibComment


ยังไม่เคยถูกคอมเมนท์

คอมเมนท์ทรัพยากรรายการนี้
  คอมเมนท์: รายงานวิจัยนำร่อง..
Bib 211761

 
 
 

 Union Library Management : ULibM
Copyright 2026. All Rights Reserved.
скачать бесплатно без регистрации порно красивый секс HD Sex Hindi sex

xxx gou

xxxx

bfxxx

xxxwww

Секса Видео

xxxx

Секса Видео

detube

geilexxx

C99 Shell

worms shell

blod xxx video
Ebony Coed Rihanna Rimes Takes A Dick In Her Young Twat priyaa indian fuck anal and pusssy hardcore indian women xxx desi hardcore fucking part 1 bengalixxxcouple